[Event "11th European Senior"]
[Site "Courmayeur ITA"]
[Date "2011.04.06"]
[Round "1.2"]
[White "Levinsky, Gregory"]
[Black "Cebalo, Miso"]
[Result "1/2-1/2"]
[BlackTitle "GM"]
[WhiteElo "2026"]
[BlackElo "2486"]
[WhiteFideId "2805561"]
[BlackFideId "14500094"]
[EventDate "2011.04.06"]

1. e4 c5 2. b4 b6 3. bxc5 bxc5 4. Nc3 g6 5. Rb1 Bg7 6. Bc4 Nc6 7. Nf3 d6 8. O-O
Nf6 9. h3 O-O 10. Re1 Ne8 11. Ne2 Nc7 12. Bb2 e5 13. c3 Na5 14. Bd3 c4 15. Bc2
Ne6 16. Ba3 Nc5 17. d4 cxd3 18. Bxd3 Be6 19. Bxc5 dxc5 20. Qa4 Qxd3 21. Qxa5 Qc4
22. Rb2 Rfc8 23. Ng3 Bf6 24. Re3 Rc6 25. Nd2 Qa6 26. Qxa6 Rxa6 27. c4 Rd8 28.
Rc3 Bg5 29. Ngf1 Rb6 30. Rcb3 Rbd6 31. Rb8 Rxb8 32. Rxb8+ Kg7 33. Rb2 Rd3 34.
Rc2 f5 35. f3 Bd8 36. Kf2 f4 37. Nb3 Bb6 38. Ke2 Rd8 39. Nfd2 Kf6 40. a4 a6 41.
Rb2 Rd6 42. a5 Bc7 43. Ra2 Bf7 44. Ra4 Rc6 45. Nb1 Bd6 46. Nc3 Rc8 47. Nd5+ Ke6
48. Kd3 g5 49. Ra2 Be8 50. Kc3 Rb8 51. Rb2 Kf7 52. Nb6 Bc6 53. Rd2 Ke7 54. Nd5+
Ke6 55. Nb6 h5 56. Rd1 Rg8 57. Rg1 Rg6 58. Rh1 Rg8 59. Kd3 Be7 60. Nd5 Rb8 61.
Kc3 Bd6 62. Rb1 Rb7 63. Ra1 Bf8 64. Nb6 Rb8 65. Rb1 Bd6 66. Nd5 Rb7 67. Ra1 Rg7
68. Rh1 Ba4 69. Nd2 Rb7 70. Ra1 Be8 71. Nb3 Bc6 1/2-1/2

[Event "11th European Senior"]
[Site "Courmayeur ITA"]
[Date "2011.04.06"]
[Round "1.3"]
[White "Suba, Mihai"]
[Black "Schwertel, Johann"]
[Result "1-0"]
[WhiteTitle "GM"]
[WhiteElo "2465"]
[BlackElo "2026"]
[WhiteFideId "1203363"]
[BlackFideId "4646487"]
[EventDate "2011.04.06"]

1. Nc3 d5 2. e4 dxe4 3. Nxe4 Nf6 4. Nxf6+ exf6 5. Bc4 Bd6 6. Qe2+ Qe7 7. Qxe7+
Bxe7 8. d4 Bd6 9. Ne2 O-O 10. Bf4 Bxf4 11. Nxf4 Re8+ 12. Kd2 c6 13. Rhe1 Rxe1
14. Rxe1 Kf8 15. Bd3 g6 16. c4 Nd7 17. Kc3 Nb6 18. b3 Bd7 19. c5 Nd5+ 20. Nxd5
cxd5 21. b4 a6 22. Kb3 Bb5 23. Re3 Re8 24. Bxb5 Rxe3+ 25. fxe3 axb5 26. a4 Ke7
27. axb5 f5 28. b6 Kd7 29. b5 g5 30. c6+ bxc6 31. b7 Kc7 32. bxc6 h5 33. Kb4 h4
34. h3 1-0

[Event "11th European Senior"]
[Site "Courmayeur ITA"]
[Date "2011.04.06"]
[Round "1.4"]
[White "Theting, Helge E."]
[Black "Okhotnik, Vladimir"]
[Result "0-1"]
[BlackTitle "IM"]
[WhiteElo "2016"]
[BlackElo "2458"]
[WhiteFideId "1501275"]
[BlackFideId "14101289"]
[EventDate "2011.04.06"]

1. Nf3 Nf6 2. g3 d5 3. Bg2 c6 4. O-O Bf5 5. d3 e6 6. Nbd2 Be7 7. Re1 O-O 8. e4
dxe4 9. dxe4 Nxe4 10. Qe2 Nxd2 11. Bxd2 Bxc2 12. Rac1 Bf5 13. Bc3 Qd3 14. Qe5
Bf6 15. Qc7 Qd7 16. Qa5 Qd8 17. Qb4 Qb6 18. Qc4 Bxc3 19. Qxc3 Nd7 20. Nh4 Bg6
21. a3 Rfd8 22. b4 a5 23. Nxg6 hxg6 24. Rb1 axb4 25. Rxb4 Qa5 26. Reb1 Nc5 27.
Rc4 Qxc3 28. Rxc3 Ra5 29. Rbc1 Na4 30. Rb3 Rc5 31. Re1 b5 32. Bf3 Rd2 33. Rbb1
Kf8 34. Rbd1 Rxd1 35. Rxd1 Rc3 36. Kg2 Ke7 37. Rd4 f5 38. Rb4 e5 39. Bd1 Rxa3 0-1

[Event "11th European Senior"]
[Site "Courmayeur ITA"]
[Date "2011.04.06"]
[Round "1.6"]
[White "Gousseinov, Aguif"]
[Black "Kupreichik, Viktor D"]
[Result "0-1"]
[BlackTitle "GM"]
[WhiteElo "1979"]
[BlackElo "2431"]
[WhiteFideId "612480"]
[BlackFideId "13500066"]
[EventDate "2011.04.06"]

1. e4 c5 2. Nf3 d6 3. d4 cxd4 4. Qxd4 Nc6 5. Bb5 Bd7 6. Bxc6 Bxc6 7. c4 Nf6 8.
Nc3 g6 9. O-O Bg7 10. h3 O-O 11. Qe3 a6 12. Nd4 Rc8 13. Bd2 e6 14. Rfe1 Re8 15.
Qd3 Qb6 16. Be3 Qxb2 17. Rab1 Qa3 18. Rb3 Qa5 19. Reb1 Nd7 20. Nxc6 Rxc6 21. f4
Nc5 22. Bxc5 Qxc5+ 23. Kf1 Qxc4 24. Qxc4 Rxc4 0-1

[Event "11th European Senior"]
[Site "Courmayeur ITA"]
[Date "2011.04.06"]
[Round "1.7"]
[White "Tseitlin, Mark D"]
[Black "Kayaman, Metin"]
[Result "1-0"]
[WhiteTitle "GM"]
[WhiteElo "2420"]
[BlackElo "1973"]
[WhiteFideId "2800128"]
[BlackFideId "6301185"]
[EventDate "2011.04.06"]

1. e4 d6 2. d4 Nf6 3. Nc3 g6 4. f4 Bg7 5. Nf3 O-O 6. Bd3 Na6 7. O-O c5 8. d5 Nc7
9. a4 Bd7 10. Bc4 b6 11. Qe1 a6 12. e5 Nfe8 13. e6 fxe6 14. dxe6 Bc6 15. Ng5 d5
16. Qh4 Nf6 17. Rd1 Qc8 18. Bd3 Nxe6 19. Nxh7 Nxh7 20. Bxg6 Nf6 21. Nxd5 Bxd5
22. Rxd5 Rd8 23. Re5 Nf8 24. Bd3 c4 25. Be2 Ng6 26. Qg3 Nxe5 27. fxe5 Ne4 28.
Qf3 Qc5+ 29. Be3 Qxe5 30. Bxc4+ e6 31. Re1 Nc5 32. Bf2 Qf6 33. Qe2 Rd6 34. a5
Rad8 35. Be3 Qe5 36. axb6 Rxb6 37. Qf2 Rc6 38. Qh4 Rcc8 39. c3 Nd3 40. Re2 Rf8
41. Bxd3 Rcd8 42. Qh7+ Kf7 43. Qg6+ Ke7 44. Bg5+ 1-0

[Event "11th European Senior"]
[Site "Courmayeur ITA"]
[Date "2011.04.06"]
[Round "1.8"]
[White "Giani, Franco"]
[Black "Mishuchkov, Nikolai M."]
[Result "0-1"]
[BlackTitle "FM"]
[WhiteElo "1960"]
[BlackElo "2408"]
[WhiteFideId "811238"]
[BlackFideId "4102401"]
[EventDate "2011.04.06"]

1. e4 c5 2. Bc4 e6 3. Nf3 a6 4. a4 d5 5. exd5 exd5 6. Be2 Nf6 7. c3 Nc6 8. O-O
Bd6 9. h3 O-O 10. d3 h6 11. Be3 Be6 12. d4 c4 13. Nbd2 Qd7 14. Ne5 Nxe5 15. dxe5
Bxe5 16. f4 Bc7 17. Bd4 Ne4 18. Rf3 f6 19. Qc2 Bf5 20. Qd1 Nxd2 21. Qxd2 Be4 22.
Rf2 Rfe8 23. Bg4 Qc6 24. Bf3 Rad8 25. g4 Bb6 26. Kh2 Bxd4 27. cxd4 Bxf3 28. Rxf3
Qe6 29. Raf1 Qe2+ 30. R1f2 Qxd2 31. Rxd2 Re4 32. Kg3 Rde8 33. b3 b5 34. bxc4
bxc4 35. h4 Re2 36. Rd1 Re1 37. Rxe1 Rxe1 38. g5 Kf7 39. f5 hxg5 40. hxg5 fxg5
41. Rf2 Kf6 42. Rb2 Kxf5 43. Rb6 Re6 44. Rb8 Rc6 0-1

[Event "11th European Senior"]
[Site "Courmayeur ITA"]
[Date "2011.04.06"]
[Round "1.11"]
[White "Plachetka, Jan"]
[Black "Ivanov, Michail"]
[Result "1-0"]
[WhiteTitle "GM"]
[WhiteElo "2355"]
[BlackElo "1935"]
[WhiteFideId "14900068"]
[BlackFideId "4145224"]
[EventDate "2011.04.06"]

1. c4 e5 2. Nc3 Nc6 3. g3 Nf6 4. Bg2 d6 5. Rb1 Rb8 6. b4 Ne7 7. Qa4+ c6 8. b5
Bd7 9. d3 g6 10. Bg5 Bg7 11. Bxf6 Bxf6 12. Ne4 Nf5 13. Nxf6+ Qxf6 14. bxc6 O-O
15. cxd7 e4 16. Bxe4 Qc3+ 17. Kf1 Nd4 18. Qb4 Qc2 19. Qb2 1-0

[Event "11th European Senior"]
[Site "Courmayeur ITA"]
[Date "2011.04.06"]
[Round "1.12"]
[White "Sevenyuk, Alexey"]
[Black "Werner, Clemens"]
[Result "0-1"]
[BlackTitle "FM"]
[WhiteElo "1932"]
[BlackElo "2353"]
[WhiteFideId "13504606"]
[BlackFideId "4604636"]
[EventDate "2011.04.06"]

1. e4 c5 2. Nf3 d6 3. d4 Nf6 4. Nc3 cxd4 5. Nxd4 g6 6. Be3 Bg7 7. f3 Nc6 8. Bc4
O-O 9. Qd2 Nxd4 10. Bxd4 Be6 11. Bb3 Qa5 12. O-O b5 13. Rfd1 b4 14. Ne2 Qb5 15.
Bxf6 Bxf6 16. Nd4 Qc5 17. Kh1 Bxd4 18. Qxd4 Rfc8 19. Rac1 a5 20. Bxe6 fxe6 21.
Qd2 Qe5 22. c3 bxc3 23. bxc3 Rc4 24. Rc2 Rac8 25. Rdc1 a4 26. Kg1 Kg7 27. g3 g5
28. Kf2 h6 29. h3 Kg6 30. Qe3 h5 31. Qa7 R8c7 32. Qa8 Kf7 33. Kg2 R7c5 34. Rf2
Rc8 35. Qb7 R8c7 36. Qa8 h4 37. f4 Qxe4+ 38. Qxe4 Rxe4 39. fxg5+ Kg6 40. gxh4
Rxh4 41. Kh2 Rhc4 42. Rf3 R7c5 43. Re3 e5 44. Rg3 Rf4 45. Rc2 e4 46. Rcg2 Rf3
47. Rxf3 exf3 48. Rf2 Rxc3 49. Kg3 Kxg5 50. Rxf3 Rxf3+ 51. Kxf3 d5 52. Ke3 e5
53. Kd3 Kh4 0-1

[Event "11th European Senior"]
[Site "Courmayeur ITA"]
[Date "2011.04.06"]
[Round "1.14"]
[White "Rooze, Jan"]
[Black "Catalfamo, Santo"]
[Result "1-0"]
[WhiteTitle "FM"]
[WhiteElo "2315"]
[BlackElo "1918"]
[WhiteFideId "200050"]
[BlackFideId "866547"]
[EventDate "2011.04.06"]

1. e4 d6 2. d4 Nf6 3. Nc3 g6 4. Be3 Bg7 5. Qd2 O-O 6. O-O-O c6 7. f3 a5 8. Bh6
Qc7 9. h4 Kh8 10. Bxg7+ Kxg7 11. h5 Ng8 12. g4 e5 13. Nge2 b5 14. Ng3 a4 15.
hxg6 fxg6 16. Qh2 Kh8 17. dxe5 dxe5 18. Be2 Be6 19. Rd6 Re8 20. a3 Re7 21. Rhd1
Na6 22. Nf5 gxf5 23. Qxe5+ Rg7 24. Qxe6 fxg4 25. fxg4 Nc5 26. Qf5 Qb6 27. Nd5
Nb3+ 28. cxb3 Qc5+ 29. Nc3 Qe3+ 30. Kc2 axb3+ 31. Kxb3 c5 32. Bxb5 Rb8 33. a4
c4+ 34. Ka2 Qg3 35. Rd8 Rxb5 36. Rxg8+ 1-0

[Event "11th European Senior"]
[Site "Courmayeur ITA"]
[Date "2011.04.06"]
[Round "1.15"]
[White "Fatalibekova, Elena"]
[Black "Cavatorta, Fosco"]
[Result "1-0"]
[WhiteTitle "WGM"]
[WhiteElo "2282"]
[BlackElo "1914"]
[WhiteFideId "4106792"]
[BlackFideId "809195"]
[EventDate "2011.04.06"]

1. Nf3 d6 2. d4 Bg4 3. c4 Bxf3 4. gxf3 g6 5. h4 Nf6 6. Nc3 Nbd7 7. f4 Bg7 8. e4
e5 9. fxe5 dxe5 10. d5 O-O 11. Be2 h5 12. Be3 b6 13. Qc2 a5 14. O-O-O Nc5 15.
Kb1 Ne8 16. Rdg1 Kh7 17. f4 Bh6 18. Bxc5 bxc5 19. fxe5 Ng7 20. Bd3 Qe7 21. e6
fxe6 22. Qg2 Qe8 23. e5 Nf5 24. Ne4 Ne3 25. Qe2 Ng4 26. Nf6+ Rxf6 27. exf6 exd5
28. Qxe8 Rxe8 29. Rxg4 hxg4 30. h5 Re4 31. cxd5 Rf4 32. hxg6+ Kg8 33. Rxh6 Rxf6
34. Rh4 g3 35. Rg4 Rf3 36. Be4 Re3 37. g7 c4 38. Bh7+ 1-0

[Event "11th European Senior"]
[Site "Courmayeur ITA"]
[Date "2011.04.06"]
[Round "1.17"]
[White "Strutinskaya, Galina N"]
[Black "Schiappacasse, Marcello"]
[Result "1-0"]
[WhiteTitle "WIM"]
[WhiteElo "2269"]
[BlackElo "1896"]
[WhiteFideId "4108558"]
[BlackFideId "808369"]
[EventDate "2011.04.06"]

1. d4 e6 2. Nf3 d5 3. Bf4 Nf6 4. e3 c5 5. c3 Nc6 6. Nbd2 Qb6 7. Qc2 Bd7 8. Bd3
cxd4 9. exd4 Rc8 10. Qb3 Qxb3 11. axb3 Nh5 12. Be3 Bd6 13. g3 a6 14. b4 Na7 15.
Nb3 Bb5 16. Ke2 O-O 17. Nc5 Rc7 18. Rhc1 Re8 19. b3 Bxd3+ 20. Kxd3 Bxc5 21. bxc5
h6 22. g4 Nf6 23. Bf4 Rcc8 24. Ne5 Nc6 25. f3 Nxe5+ 26. Bxe5 Nd7 27. Bd6 e5 28.
Re1 f6 29. b4 Rc6 30. h3 Kf7 31. Ra2 Re6 32. Rae2 Rcxd6 33. cxd6 Rxd6 34. h4 Rc6
35. g5 hxg5 36. hxg5 Rc8 37. Rh2 Rg8 38. Rg1 Nf8 39. gxf6 gxf6 40. Rxg8 Kxg8 41.
dxe5 fxe5 42. Rh6 1-0

[Event "11th European Senior"]
[Site "Courmayeur ITA"]
[Date "2011.04.06"]
[Round "1.18"]
[White "Guillaumat, Jean-Pierre"]
[Black "Lederman, Leon"]
[Result "0-1"]
[BlackTitle "IM"]
[WhiteElo "1890"]
[BlackElo "2266"]
[WhiteFideId "620823"]
[BlackFideId "2800403"]
[EventDate "2011.04.06"]

1. d4 Nf6 2. Nf3 e6 3. c4 b6 4. g3 Ba6 5. b3 d5 6. Bg2 Bb4+ 7. Bd2 Be7 8. Ne5 c5
9. cxd5 Nxd5 10. O-O Bf6 11. f4 cxd4 12. Na3 Bxe5 13. fxe5 Nc6 14. Nc4 Bxc4 15.
bxc4 Nde7 16. Qa4 Qd7 17. Bg5 Rc8 18. Rad1 Nxe5 19. Qxd7+ Nxd7 20. Rxd4 g6 21.
Bc1 0-1

[Event "11th European Senior"]
[Site "Courmayeur ITA"]
[Date "2011.04.06"]
[Round "1.20"]
[White "Topaloglu, Hayati"]
[Black "Rosino, Antonio"]
[Result "0-1"]
[BlackTitle "FM"]
[WhiteElo "1881"]
[BlackElo "2233"]
[WhiteFideId "6310338"]
[BlackFideId "800376"]
[EventDate "2011.04.06"]

1. e4 e5 2. Nf3 Nc6 3. Bb5 a6 4. Ba4 Nf6 5. O-O Be7 6. Re1 b5 7. Bb3 d6 8. h3
Na5 9. c3 Nxb3 10. axb3 Bb7 11. d3 c5 12. Nbd2 O-O 13. Nf1 Re8 14. Ng3 g6 15.
Rf1 Qc7 16. Ng5 h6 17. Nf3 Bf8 18. c4 Bg7 19. Bd2 Kh7 20. Nh2 Ng8 21. Qc1 Rf8
22. f4 exf4 23. Bxf4 Be5 24. Ng4 Qe7 25. Ne2 Bg7 26. Nc3 b4 27. Ne2 f5 28. Nf2
g5 29. Bh2 f4 30. Qd2 Nf6 31. Kh1 Nd7 32. g3 fxg3 33. Bxg3 Ne5 34. Bxe5 Qxe5 35.
Ng4 Qxb2 36. Qxb2 Bxb2 37. Rab1 Bg7 38. Kg2 a5 39. Rxf8 Rxf8 40. Rf1 Rxf1 41.
Kxf1 a4 42. bxa4 b3 43. e5 dxe5 44. Nf2 b2 45. Nc3 e4 46. Nb1 exd3 47. Nxd3 Bd4
48. Ke2 h5 49. a5 g4 50. hxg4 hxg4 51. Nf4 g3 52. Kf1 Ba6 53. Kg2 Bf2 54. Nd3
Bb7+ 55. Kf1 Be3 56. Ne1 Be4 57. Na3 b1=Q 58. Nxb1 Bxb1 59. a6 Be4 60. a7 Bd4
61. Ng2 Kg7 62. Nf4 Kf7 63. Nd5 g2+ 64. Ke2 g1=Q 65. a8=Q Qf2+ 66. Kd1 Bf3+ 0-1

[Event "11th European Senior"]
[Site "Courmayeur ITA"]
[Date "2011.04.06"]
[Round "1.21"]
[White "Serra Olives, Tomas"]
[Black "Smits, Oswald"]
[Result "1-0"]
[WhiteTitle "FM"]
[WhiteElo "2208"]
[BlackElo "1870"]
[WhiteFideId "2203774"]
[BlackFideId "24619892"]
[EventDate "2011.04.06"]

1. e4 c5 2. Nf3 Nc6 3. d4 cxd4 4. Nxd4 d6 5. c4 Nf6 6. Nc3 a6 7. Be2 g6 8. Be3
Bg7 9. f3 O-O 10. Qd2 Bd7 11. O-O Rc8 12. Rac1 Ne8 13. Rfd1 Nxd4 14. Bxd4 Bxd4+
15. Qxd4 Rc6 16. b4 Nc7 17. Rd2 Ne6 18. Qe3 Re8 19. Nd5 Nf8 20. Rcd1 Qb8 21. f4
Qd8 22. Qd4 e5 23. Qf2 exf4 24. Qxf4 Kg7 25. Rf1 f5 26. exf5 Bxf5 27. g4 Re4 28.
Qg3 Qg5 29. Qc3+ Re5 30. h4 Qxh4 31. gxf5 Qg5+ 32. Kf2 Qh4+ 33. Qg3 Rxf5+ 34.
Bf3 Qd8 35. Re2 Rf7 36. Qg4 Nd7 37. Nf4 Qb6+ 38. c5 dxc5 39. Bxc6 cxb4+ 40. Kg3
Qxc6 41. Ne6+ Kg8 42. Rxf7 Kxf7 43. Nd8+ 1-0

[Event "11th European Senior"]
[Site "Courmayeur ITA"]
[Date "2011.04.06"]
[Round "1.22"]
[White "Papa, Angelo"]
[Black "Khmiadashvili, Tamar"]
[Result "0-1"]
[BlackTitle "WGM"]
[WhiteElo "1866"]
[BlackElo "2194"]
[WhiteFideId "812285"]
[BlackFideId "13600346"]
[EventDate "2011.04.06"]

1. d4 e6 2. Nf3 b6 3. e3 Bb7 4. Bd3 f5 5. O-O Nf6 6. c4 Ne4 7. a3 Qf6 8. Nc3
Nxc3 9. bxc3 Bd6 10. Re1 O-O 11. e4 fxe4 12. Bxe4 Bxe4 13. Rxe4 Nc6 14. Ra2 Qg6
15. Rh4 Rxf3 16. Qxf3 Qb1 17. g3 Qxc1+ 18. Kg2 Qb1 19. Re2 Rf8 20. Qe4 Qxe4+ 21.
Rexe4 Bxa3 22. d5 Nd8 23. f4 Bb2 24. g4 a5 25. f5 exf5 26. gxf5 Nb7 27. f6 Rxf6
28. Rhg4 Kf7 29. Re2 Bxc3 30. Rge4 Bb4 0-1

[Event "11th European Senior"]
[Site "Courmayeur ITA"]
[Date "2011.04.06"]
[Round "1.23"]
[White "Estrada Martinez, Cesar"]
[Black "Ortega Morales, Pedro"]
[Result "1-0"]
[WhiteElo "2193"]
[BlackElo "1848"]
[WhiteFideId "2210649"]
[BlackFideId "2253429"]
[EventDate "2011.04.06"]

1. c4 e5 2. g3 Nf6 3. Bg2 d5 4. cxd5 Nxd5 5. Nc3 c6 6. Nf3 Nd7 7. O-O Be7 8. d4
exd4 9. Nxd5 cxd5 10. Nxd4 Nf6 11. Qb3 O-O 12. h3 Re8 13. Bf4 Bd7 14. Rac1 Rc8
15. Rxc8 Qxc8 16. Rc1 Qa8 17. Nf5 Bc6 18. Nxe7+ Rxe7 19. Bg5 Re6 20. Bxf6 Rxf6
21. Bxd5 Bxd5 22. Qxd5 Qb8 23. Qd7 1-0

[Event "11th European Senior"]
[Site "Courmayeur ITA"]
[Date "2011.04.06"]
[Round "1.24"]
[White "Weyand, Fernand"]
[Black "Sinelnikov, Igor"]
[Result "0-1"]
[WhiteElo "1845"]
[BlackElo "2190"]
[WhiteFideId "638633"]
[BlackFideId "4145356"]
[EventDate "2011.04.06"]

1. e4 d6 2. d4 Nf6 3. Nc3 g6 4. Bd3 Bg7 5. Nge2 O-O 6. Bf4 Nc6 7. Qd2 e5 8. dxe5
dxe5 9. Bg5 Nb4 10. Nc1 c5 11. a3 Nc6 12. Nd5 Be6 13. Nxf6+ Bxf6 14. Bh6 c4 15.
Be2 Qxd2+ 16. Bxd2 Nd4 17. Bd1 Rfd8 18. c3 Nc6 19. Be3 Be7 20. O-O f5 21. f3 f4
22. Bf2 Na5 23. Na2 Nb3 24. Bxb3 cxb3 25. Nc1 Rd2 26. Rb1 Bc4 27. Re1 Rxf2 0-1

[Event "11th European Senior"]
[Site "Courmayeur ITA"]
[Date "2011.04.06"]
[Round "1.25"]
[White "Jackson, Oliver A"]
[Black "Chireykina, Natalia"]
[Result "1-0"]
[WhiteElo "2186"]
[BlackElo "1831"]
[WhiteFideId "403156"]
[BlackFideId "24132136"]
[EventDate "2011.04.06"]

1. e4 c5 2. Nc3 Nc6 3. f4 g6 4. Nf3 Bg7 5. Bb5 e6 6. Bxc6 bxc6 7. d3 Ne7 8. O-O
Rb8 9. Qe1 O-O 10. Rb1 d5 11. Bd2 Ba6 12. b3 c4 13. dxc4 dxc4 14. b4 Qd6 15. Qe3
Qc7 16. Rfd1 Rfd8 17. Na4 c3 18. Nxc3 Bc4 19. Qc5 Rxd2 20. Nxd2 Bxc3 21. Nxc4
Rb5 22. Qd6 Qxd6 23. Nxd6 Rxb4 24. Rxb4 Bxb4 25. Nc8 Kf8 26. Rd8+ Kg7 27. Nxe7
Bxe7 28. Rc8 c5 29. Rc7 Bd6 30. Rxa7 Bxf4 31. a4 c4 32. Rb7 Bd2 33. Kf2 Kf6 34.
Rb5 Bc3 35. a5 Bd4+ 36. Ke2 g5 37. a6 h5 38. Rb7 Ke5 39. Rxf7 1-0

[Event "11th European Senior"]
[Site "Courmayeur ITA"]
[Date "2011.04.06"]
[Round "1.26"]
[White "Carboni, Giancarlo"]
[Black "Iudicello, Giovanni"]
[Result "1/2-1/2"]
[WhiteElo "1827"]
[BlackElo "2180"]
[WhiteFideId "843903"]
[BlackFideId "804738"]
[EventDate "2011.04.06"]

1. c4 g6 2. Nc3 Bg7 3. g3 d6 4. Bg2 e5 5. d3 f5 6. e4 c6 7. Nge2 Nf6 8. Rb1 O-O
9. O-O Be6 10. b4 fxe4 11. Nxe4 Nxe4 12. Bxe4 d5 13. cxd5 cxd5 14. Bg2 Nc6 15.
a3 Qd7 16. Bd2 Rf7 17. b5 Ne7 18. b6 axb6 19. Rxb6 Rxa3 20. Bb4 Ra6 21. Rxa6
bxa6 22. d4 Nc6 23. Bc5 e4 24. Qa4 Nxd4 25. Qxa6 Qb7 26. Qa2 Nxe2+ 27. Qxe2 Rc7
28. Bd6 Rc6 29. Bf4 Qa6 30. Qd1 Qc8 31. h4 Ra6 32. Qe2 Ra1 33. Rxa1 Bxa1 34. Bh6
Bd4 35. Qb5 Bg7 36. Bf4 h5 37. Bg5 Qd7 38. Qb6 Kh7 39. Bf4 Bf6 40. f3 exf3 41.
Bxf3 d4 42. Be4 d3 43. Kg2 Qd4 44. Qc7+ 1/2-1/2

[Event "11th European Senior"]
[Site "Courmayeur ITA"]
[Date "2011.04.06"]
[Round "1.28"]
[White "Squarci, Franco"]
[Black "Weisenburger, Horst"]
[Result "1-0"]
[WhiteElo "1777"]
[BlackElo "2179"]
[WhiteFideId "809110"]
[BlackFideId "4654536"]
[EventDate "2011.04.06"]

1. d4 f5 2. g3 g6 3. Bg2 Bg7 4. Nf3 Nf6 5. c4 d6 6. Nc3 O-O 7. O-O Qe8 8. Nb5
Na6 9. a4 c6 10. Nc3 h6 11. Bd2 e5 12. dxe5 dxe5 13. e3 g5 14. Qc2 e4 15. Nd4
Nb4 16. Qb3 Nd3 17. Nce2 a6 18. Bc3 Qf7 19. Nc1 c5 20. Nc2 Be6 21. Na3 Rfd8 22.
Nxd3 Rxd3 23. Rfd1 Rad8 24. Rxd3 Rxd3 25. Bf1 Rd7 26. Rd1 Ng4 27. Rxd7 Qxd7 28.
Be2 Ne5 29. Bxe5 Bxe5 30. Qc2 Qg7 31. b3 Bc7 32. Nb1 Ba5 33. Nd2 Qc3 34. Qxc3
Bxc3 35. Nf1 g4 36. Kg2 Kf8 37. h3 gxh3+ 38. Kxh3 Ke7 39. g4 Kd6 40. gxf5 Bxf5+
41. Bg4 Bg6 42. Ng3 Kc7 43. Be6 Be5 44. Bd5 b5 45. axb5 axb5 46. Nxe4 bxc4 47.
bxc4 Bxe4 48. Bxe4 Kd6 49. Kg4 Bh2 50. f4 h5+ 51. Kf3 h4 52. Bd5 Bg3 53. e4 Ke7
54. e5 Kf8 55. Kg4 Kg7 56. Be4 Kf7 57. Bg2 Kg6 58. Bh3 Bh2 59. Kf3 Kf7 60. Ke4
Bg1 61. Kd5 Be3 62. f5 Bd4 63. Kd6 Be3 64. Bg4 Bd4 65. Bh5+ Kf8 66. f6 h3 67.
Bf3 h2 68. Bd5 Bc3 69. Ke6 Ba5 70. Kd7 Bc3 71. Kd6 Bd4 72. Ke6 Bc3 73. Kf5 Ba5
74. e6 Bd8 75. Bc6 1-0

[Event "11th European Senior"]
[Site "Courmayeur ITA"]
[Date "2011.04.06"]
[Round "1.29"]
[White "Zhelesny, Stanislav"]
[Black "Benito Alba, Eladio"]
[Result "1/2-1/2"]
[WhiteTitle "FM"]
[WhiteElo "2172"]
[BlackElo "1775"]
[WhiteFideId "4115244"]
[BlackFideId "2225050"]
[EventDate "2011.04.06"]

1. Nf3 Nf6 2. g3 g6 3. Bg2 Bg7 4. O-O d5 5. d4 O-O 6. Nbd2 Re8 7. Ne5 Nc6 8.
Ndf3 Nxe5 9. Nxe5 c6 10. c3 Nd7 11. f4 f6 12. Nxd7 Bxd7 13. e4 e6 14. Qb3 Qb6
15. Be3 f5 16. e5 Bf8 17. c4 Qb4 18. Rfc1 Red8 19. cxd5 Qxb3 20. axb3 exd5 21.
Bd2 Be7 22. b4 a6 23. Ra3 Kf7 24. Bf3 h5 25. Kg2 Be6 1/2-1/2

[Event "11th European Senior"]
[Site "Courmayeur ITA"]
[Date "2011.04.06"]
[Round "1.30"]
[White "Acunzo, Domenico"]
[Black "Norman, Kenneth I"]
[Result "0-1"]
[BlackTitle "CM"]
[WhiteElo "1769"]
[BlackElo "2172"]
[WhiteFideId "825751"]
[BlackFideId "402419"]
[EventDate "2011.04.06"]

1. e4 e5 2. f4 exf4 3. Nf3 Be7 4. Bc4 Nf6 5. d3 d5 6. exd5 Nxd5 7. O-O O-O 8.
Re1 Nc6 9. a3 Bg4 10. Nc3 Nb6 11. Bxf4 Nxc4 12. dxc4 Bc5+ 13. Kf1 Nd4 14. Be3
Nxf3 15. gxf3 Bh3+ 16. Ke2 Qe7 17. Ne4 Bxe3 18. Kxe3 Rad8 19. Qe2 f5 20. Rad1
Rxd1 21. Qxd1 Rd8 22. Qe2 fxe4 23. fxe4 Qg5+ 0-1

[Event "11th European Senior"]
[Site "Courmayeur ITA"]
[Date "2011.04.06"]
[Round "1.31"]
[White "Van Oosten, Arend"]
[Black "D Aulisa, Francesco"]
[Result "1-0"]
[WhiteElo "2170"]
[BlackElo "1768"]
[WhiteFideId "1006053"]
[BlackFideId "821390"]
[EventDate "2011.04.06"]

1. e4 d6 2. d4 e6 3. Nc3 a6 4. Be3 Nd7 5. a4 b6 6. f4 g6 7. Be2 Ne7 8. Nf3 Bb7
9. O-O Nf6 10. Nd2 Bg7 11. Bf3 d5 12. e5 Nd7 13. Bf2 Nf5 14. g4 Nh6 15. Ne2 Bf8
16. Ng3 Be7 17. Re1 Bh4 18. Ndf1 O-O 19. Qd2 Bxg3 20. Nxg3 Qh4 21. Nf5 Qh3 22.
Bg2 Qxg2+ 23. Kxg2 gxf5 24. g5 Ng4 25. Bg3 h5 26. h3 Kg7 27. hxg4 hxg4 28. Rh1
Rh8 29. Rxh8 Rxh8 30. Rh1 Rxh1 31. Kxh1 c5 32. Kg1 a5 33. Bf2 Ba6 34. dxc5 g3
35. Be3 bxc5 36. Qxa5 Be2 37. Bxc5 Bf3 38. Be7 Kg6 39. Qc3 Be4 40. Qxg3 Bxc2 41.
Qh2 1-0

[Event "11th European Senior"]
[Site "Courmayeur ITA"]
[Date "2011.04.06"]
[Round "1.32"]
[White "Maestri, Roberto"]
[Black "Miednikova, Swietlana"]
[Result "0-1"]
[BlackTitle "WFM"]
[WhiteElo "1766"]
[BlackElo "2169"]
[WhiteFideId "871354"]
[BlackFideId "4109961"]
[EventDate "2011.04.06"]

1. e4 e5 2. d4 exd4 3. c3 d5 4. exd5 Qxd5 5. Nf3 Nf6 6. cxd4 Bb4+ 7. Nc3 O-O 8.
Be2 Ne4 9. Qc2 Bf5 10. Bd3 Nd6 11. O-O Bxd3 12. Nxd5 Bxc2 13. Nxb4 Be4 14. Ng5
Bc6 15. Be3 h6 16. Nxc6 Nxc6 17. Nf3 Nb4 18. b3 c6 19. Bd2 Nd5 20. Rfe1 f5 21.
Ne5 Ne4 22. Be3 Rad8 23. Rac1 f4 24. f3 Nxe3 25. fxe4 Rxd4 26. Ng6 Rf6 27. Nxf4
Rxf4 28. Rxe3 Rfxe4 29. Rxe4 Rxe4 30. Rd1 Re7 31. g3 Kf7 32. Kf2 Ke6 33. Rd2 Rd7
34. Re2+ Kd6 35. Rd2+ Kc7 36. Re2 Rf7+ 37. Kg2 Kd6 38. Kh3 c5 39. Kh4 g6 40. g4
b5 41. Rd2+ Ke5 42. Kg3 c4 43. bxc4 bxc4 44. Re2+ Kd5 45. Rd2+ Kc5 46. Rc2 Rf6
47. h4 Kd4 48. g5 hxg5 49. hxg5 Rf5 50. Kg4 c3 51. Rh2 Rc5 0-1